1071 1089 1483 1721 1993 1195 1254 1050 1213 1598 1816 1032 1248 1904 1556 1017 1293 1078 1981 1334 1625 1880 1891 1765 1657 1822 1189 1879 1692 1098 1938 1876 1223 1006 1752 1176 1871 1256 1986 1865 1382 1114 1540 1010 1775 1479 1225 1944 1308 1651 1291 1436 1883 1923 1713 1510 1473 1667 1617 1244 1786 1105 1078 1458 1999 1446 1937 1451 1575 1686 1160 1382 1820 1647 1727 1830 1615 1523 1983 1079 1090 1269 1408 1845 1093 1270 1726 1888 1702 1983 1426 1941 1747 1735 1445 1710 1340 1561 1700 BCNSPRNW ULIB Ver.6.0+V

เปลี่ยนเป็นภาษาไทย

Change to English
 แสดงรายละเอียดบรรณานุกรม
  กลับหน้าหลัก

Brief Record : Get Marc (ISO 2709) : E-mail record : QR code < ปิดหน้าต่าง
LEADER : 00000nam 2200000uu 4500
001    13399109824
003     ULIB
008    110412s2553||||th 000 0 tha d
020    9789742979126
060 04 WC515^bด428ค 2553
245 00 คู่มือการปฏิบัติงานป้องกันควบคุมโรคไข้หวัดใหญ่สายพันธุ์ใหม่ (H1N1) 2009 สำหรับบุคลากรด้านการแพทย์และสาธารณสุข /^cจัดทำโดยคณะทำงานจัดทำคู่มือการปฏิบัติงานป้องกันควบคุมโรคไข้หวัดใหญ่สายพันธุ์ใหม่ (H1N1) 2009 สำหรับบุคลากรด้านการแพทย์และสาธารณสุข กระทรวงสาธารณสุข ; กองบรรณาธิการ, ดาริกา กิ่งเนตร, วรยา เหลืองอ่อน, อัจฉรา วรารักษ์
250    พิมพ์ครั้งที่ 1
260    [นนทบุรี] :^bสำนักโรคติดต่ออุบัติใหม่ กรมควบคุมโรคกระทรวงสาธารณสุข,^c2553
300    ก-ญ, 224 หน้า :^bภาพประกอบ ;^c30 ซม. +^eซีดี-รอม 1 แผ่น
650  7 ไข้หวัดใหญ่สายพันธุ์ใหม่ 2009^xการป้องกันและควบคุม^xคู่มือ
650  7 ไข้หวัดใหญ่สายพันธุ์ใหม่ 2009^xการรักษา^xคู่มือ
650  7 บุคลากรทางการแพทย์
650  7 บุคลากรสาธารณสุข
700 0  ดาริกา กิ่งเนตร,^eบรรณาธิการ
700 0  วรยา เหลืองอ่อน,^eบรรณาธิการ
700 0  อัจฉรา วรารักษ์,^eบรรณาธิการ
710 2  กระทรวงสาธารณสุข. ^bกรมควบคุมโรค.^bสำนักโรคติดต่ออุบัติใหม่
945    ^p0^l0^i027565
945    ^p0^l0^i027563
945    ^p0^l0^i027566
945    ^p0^l0^i027564
945    ^p0^l0^i027562
995    ทศพร
999 ^a ใช้งานได้ทุกระบบ
รายการนี้ยังไม่มีแท็ก
คุณยังไม่ได้ล็อกอิน คุณสามารถมีกิจกรรมร่วมกับเว็บไซต์ได้ แต่ต้องล็อกอินก่อน ::
  ล็อกอิน

รายการสื่อสารสนเทศ

ลำดับที่ ประเภท เลขเรียก/บาร์โค้ด สถานที่ สถานะ
1. วิทยาศาสตร์การแพทย์ และสุขภาพ
หนังสือสำรอง
สถานะ=หนังสือสำรอง
WC515 ด428ค 2553 ฉ.1 
  Barcode: 027562
ห้องสมุดวิทยาเขตสวรรค์ประชารักษ์
►ส่วนจัดเก็บหนังสือเก่า สปร
บนชั้น
  ขอยืม
2. วิทยาศาสตร์การแพทย์ และสุขภาพ
วิทยาศาสตร์การแพทย์ และสุขภาพ
WC515 ด428ค 2553 ฉ.2 
  Barcode: 027563
ห้องสมุดวิทยาเขตสวรรค์ประชารักษ์
►ส่วนจัดเก็บหนังสือเก่า สปร
บนชั้น
  ขอยืม
3. วิทยาศาสตร์การแพทย์ และสุขภาพ
วิทยาศาสตร์การแพทย์ และสุขภาพ
WC515 ด428ค 2553 ฉ.3 
  Barcode: 027564
ห้องสมุดวิทยาเขตสวรรค์ประชารักษ์
►ส่วนจัดเก็บหนังสือเก่า สปร
บนชั้น
  ขอยืม
4. วิทยาศาสตร์การแพทย์ และสุขภาพ
วิทยาศาสตร์การแพทย์ และสุขภาพ
WC515 ด428ค 2553 ฉ.4 
  Barcode: 027565
ห้องสมุดวิทยาเขตสวรรค์ประชารักษ์
►ส่วนจัดเก็บหนังสือเก่า สปร
บนชั้น
  ขอยืม
5. วิทยาศาสตร์การแพทย์ และสุขภาพ
วิทยาศาสตร์การแพทย์ และสุขภาพ
WC515 ด428ค 2553 ฉ.5 
  Barcode: 027566
ห้องสมุดวิทยาเขตสวรรค์ประชารักษ์
►ส่วนจัดเก็บหนังสือเก่า สปร
บนชั้น
  ขอยืม

รายการใกล้เคียง
    หัวเรื่อง [บุคลากรทางการแพทย์]
    หัวเรื่อง [บุคลากรสาธารณสุข]

BibComment


ยังไม่เคยถูกคอมเมนท์

คอมเมนท์ทรัพยากรรายการนี้
  คอมเมนท์: คู่มือการปฏิบัติง..


 Copyright 2026. Bcnsprnw @Library